Jia tong gong ju = Transportation equipment
| Main Author: | |
|---|---|
| Format: | Book |
| Published: |
China :
Nothern Women Children Pub House ,
2008
|
| Subjects: |
MARC
| LEADER | 00000cam a2200000 7i4500 | ||
|---|---|---|---|
| 001 | 0000138154 | ||
| 005 | 20250902123258.0 | ||
| 020 | |a 9787538534252 | ||
| 090 | 0 | 0 | |a 500 |b XIU |
| 100 | 0 | |a Xiu Gan | |
| 245 | 1 | 0 | |a Jia tong gong ju = Transportation equipment |c Xiu Gan |
| 260 | |a China : |b Nothern Women Children Pub House , |c 2008 | ||
| 300 | |a 95p. : |b ill. ; |c 23cm. | ||
| 650 | 0 | 0 | |a Transportation |x Juvenile literature |x Chinese language |
| 999 | |a 00232580 |b BUKU |c JUNIOR MANDARIN COLLECTION |e PERPUSTAKAAN KOMUNITI PETALING JAYA | ||